<?xml version="1.0" encoding="UTF-8"?>
<record
    xmlns:xsi="http://www.w3.org/2001/XMLSchema-instance"
    xsi:schemaLocation="http://www.loc.gov/MARC21/slim http://www.loc.gov/standards/marcxml/schema/MARC21slim.xsd"
    xmlns="http://www.loc.gov/MARC21/slim">

  <leader>00378    a2200157   4500</leader>
  <controlfield tag="005">20250605161707.0</controlfield>
  <datafield tag="020" ind1=" " ind2=" ">
    <subfield code="a">0-538-72466-8</subfield>
  </datafield>
  <datafield tag="082" ind1=" " ind2=" ">
    <subfield code="a">658.4 SMI</subfield>
  </datafield>
  <datafield tag="100" ind1=" " ind2=" ">
    <subfield code="a">SMITH J.</subfield>
  </datafield>
  <datafield tag="245" ind1=" " ind2=" ">
    <subfield code="a">Record Management</subfield>
  </datafield>
  <datafield tag="250" ind1=" " ind2=" ">
    <subfield code="a">7th Ed.</subfield>
  </datafield>
  <datafield tag="260" ind1=" " ind2=" ">
    <subfield code="a">NewYork</subfield>
    <subfield code="b">South-Western</subfield>
    <subfield code="c">2002</subfield>
  </datafield>
  <datafield tag="300" ind1=" " ind2=" ">
    <subfield code="a">xii.404p.;picture</subfield>
    <subfield code="b">Glossary</subfield>
    <subfield code="c">26 cm</subfield>
  </datafield>
  <datafield tag="700" ind1=" " ind2=" ">
    <subfield code="a">GINN M.&amp; KALLAUS N.</subfield>
  </datafield>
  <datafield tag="942" ind1=" " ind2=" ">
    <subfield code="2">ddc</subfield>
    <subfield code="c">BKS</subfield>
  </datafield>
  <datafield tag="999" ind1=" " ind2=" ">
    <subfield code="c">3253</subfield>
    <subfield code="d">3253</subfield>
  </datafield>
  <datafield tag="952" ind1=" " ind2=" ">
    <subfield code="r">2025-06-05 16:31:26</subfield>
    <subfield code="l">0</subfield>
    <subfield code="o">658.4 SMI</subfield>
    <subfield code="p">DOM00095</subfield>
    <subfield code="w">2025-06-05</subfield>
    <subfield code="y">BKS</subfield>
    <subfield code="1">0</subfield>
    <subfield code="2">ddc</subfield>
    <subfield code="4">0</subfield>
    <subfield code="7">0</subfield>
    <subfield code="0">0</subfield>
    <subfield code="a">004</subfield>
    <subfield code="b">004</subfield>
    <subfield code="c">SPECIAL</subfield>
    <subfield code="d">2025-06-05</subfield>
    <subfield code="g">105840.00</subfield>
  </datafield>
</record>
